000 00373 a2200169 4500
001 72983
020 _a8506017874
040 _cAnchieta - Colégio São Paulo
100 _aPaciornik, Celso Mauro
240 1 0 _aLixo nuclear
_lpor
245 1 0 _aLixo nuclear
300 _a32
362 0 _a1993
440 1 _aMelhoramentos
650 4 _aLiteratura juvenil
942 _cBK
999 _c72983
_d72983